| 000 | 00507nam a22001817a 4500 | ||
|---|---|---|---|
| 003 | CEME | ||
| 005 | 20210628204103.0 | ||
| 008 | 210112b xxu||||| |||| 00| 0 eng d | ||
| 020 | _a9789382264620 | ||
| 040 | _cceme | ||
| 082 | _a355.0217095471 KHA | ||
| 100 |
_aKhan, Feroz Hassan _968667 |
||
| 245 | _aEating grass the making of the pakistani bomb | ||
| 260 |
_aINDIA _bFOUNDATION _c2013 |
||
| 300 | _aXXV, 520P | ||
| 650 |
_aPAKISTANI BOMB.THE MAKING OF THE PAKISTANI BOMB _968668 |
||
| 942 |
_cBK _2ddc |
||
| 999 |
_c576175 _d576175 |
||